|
|
|
|
| LEADER |
00000cam a2200000 a 4500 |
| 001 |
vtls008380945 |
| 003 |
SK-MaSNL |
| 005 |
20260301094151.0 |
| 008 |
250313s1943 xo a f p 000 0 ger |
| 015 |
|
|
|a SNBA19421945-147/3512
|
| 020 |
|
|
|q (viazané)
|
| 035 |
|
|
|a SK01SNKBKSD220020073162
|
| 035 |
|
|
|a urn:nbn:sk:snk-am3i918
|
| 035 |
|
|
|a DE63ADE8-1064-41D9-9D53-5719E06F345C
|
| 035 |
|
|
|a urn:nbn:sk:snk-am00dxym
|
| 035 |
|
|
|a SKM000075625
|
| 040 |
|
|
|a SNK
|b slo
|c SNK
|e AACR2
|
| 041 |
0 |
|
|a ger
|a slo
|
| 044 |
|
|
|a xo
|c SK
|
| 072 |
|
7 |
|a 811.112.2
|x Nemčina
|2 konspekt
|
| 072 |
|
7 |
|a 37.016
|x Učebné osnovy. Vyučovacie predmety. Učebnice
|2 konspekt
|
| 080 |
|
|
|a 372(075)
|2 1981
|
| 080 |
|
|
|a 803.0(075)
|2 1981
|
| 080 |
|
|
|a 811.112.2
|2 2011
|
| 080 |
|
|
|a (075.2)
|2 2011
|
| 080 |
|
|
|a 81'36
|2 2011
|
| 100 |
1 |
|
|a Krmešská, Irma,
|d 1903-1975
|4 aut
|9 48693
|
| 245 |
1 |
0 |
|a Deutsch für unsere Kinder
|b učebnica nemčiny pre III. triedu meštianskych škôl
|n III.
|c Irma Krmešská-Graselová ; obrázky kreslil F. Žáček
|
| 260 |
|
|
|a V Liptovskom Svätom Mikuláši
|b Tranoscius
|c 1943
|
| 300 |
|
|
|a 163 strán
|b ilustrácie, noty, tabuľky
|c 21 cm
|
| 500 |
|
|
|a Nemecko-slovenský slovník na strane [141]-163
|
| 500 |
|
|
|a Frontispice
|
| 546 |
|
|
|a Text nemecky, súbežne slovensky
|
| 650 |
0 |
7 |
|a nemčina
|2 SNKPH
|9 1384
|
| 650 |
0 |
7 |
|a gramatika
|2 SNKPH
|9 865
|
| 655 |
|
7 |
|a učebnice základných škôl
|2 SNKPH
|9 70187
|
| 700 |
1 |
|
|a Žáček, František
|4 ill
|9 273485
|
| 752 |
|
|
|a Slovensko
|d Liptovský Svätý Mikuláš
|
| 852 |
|
|
|a Slovenská národná knižnica
|
| 958 |
|
|
|a RK
|
| 958 |
|
|
|a TL
|
| 958 |
|
|
|a DB
|
| 958 |
|
|
|a DE
|
| 958 |
|
|
|a SP
|
| 958 |
|
|
|a OND
|
| 999 |
|
|
|c 679461
|d 681391
|
| 952 |
|
|
|a SNK
|b SNK
|y PREZ
|7 0
|p 17A0799127
|o snkSC 9443
|i snkKSF 1009/57
|8 5
|0 0
|1 0
|4 0
|d 2019-09-10
|f 1
|l 0
|r 2025-07-09 00:00:00
|w 2026-02-23
|